[Event "4NCL Division 2b"]
[Site "Daventry, ENG"]
[Date "2019.01.12"]
[Round "3.84"]
[White "Taylor, William J"]
[Black "McDougall, William"]
[Result "0-1"]
[WhiteElo "2096"]
[BlackElo "2080"]
[PlyCount "50"]
[EventDate "2019.01.12"]
[WhiteTeam "West is Best 2"]
[BlackTeam "Wessex A"]

1. e4 c5 2. Nf3 d6 3. d4 cxd4 4. Nxd4 Nf6 5. Nc3 a6 6. Be2 e6 7. Be3 Be7 8. O-O
O-O 9. f4 Nc6 10. g4 Re8 11. f5 Nxd4 12. Qxd4 Nd7 13. Rad1 Ne5 14. Qb6 Bd7 15.
Qxb7 Rb8 16. Qxa6 Rxb2 17. a4 Bc8 18. Qa7 Nc6 19. Qa8 Qd7 20. Bb5 Bb7 21. Bxc6
Qxc6 22. Qa7 Bf6 23. Nb5 Qxe4 24. Rd2 Qxg4+ 25. Kf2 Bh4# 0-1

[Event "4NCL Division 2b"]
[Site "Daventry, ENG"]
[Date "2019.01.12"]
[Round "3.85"]
[White "Pleasants, Allan J"]
[Black "Musson, Adam J"]
[Result "1-0"]
[WhiteElo "2080"]
[BlackElo "2013"]
[PlyCount "87"]
[EventDate "2019.01.12"]
[WhiteTeam "Wessex A"]
[BlackTeam "West is Best 2"]

1. Nf3 Nf6 2. d4 d5 3. e3 c5 4. Nbd2 Nc6 5. Be2 g6 6. O-O Bg7 7. dxc5 O-O 8. c3
a5 9. b3 Nd7 10. Bb2 Nxc5 11. Nd4 e5 12. Nxc6 bxc6 13. Ba3 Qb6 14. Rc1 Rd8 15.
Nf3 Bf5 16. Bxc5 Qxc5 17. Qd2 Qa3 18. h3 Bf6 19. Nh2 h5 20. g4 Be6 21. f4 exf4
22. exf4 Qc5+ 23. Kh1 hxg4 24. hxg4 Qe7 25. Bd3 c5 26. Rce1 c4 27. Bxg6 fxg6
28. f5 gxf5 29. gxf5 d4 30. Rxe6 Qb7+ 31. Nf3 Qh7+ 32. Nh2 dxc3 33. Qg2+ Qg7
34. Rxf6 Qxg2+ 35. Kxg2 c2 36. Rc6 Rd2+ 37. Kg3 Rd3+ 38. Kf4 Rd2 39. Kg3 Rd3+
40. Kf4 Rd2 41. Rg1+ Kf8 42. Nf3 c1=Q 43. Rxc1 Rxa2 44. R1xc4 1-0

[Event "4NCL Division 2b"]
[Site "Daventry, ENG"]
[Date "2019.01.12"]
[Round "3.86"]
[White "Homer, Stephen J"]
[Black "Wilson, Jaimie"]
[Result "0-1"]
[WhiteElo "2062"]
[BlackElo "2076"]
[PlyCount "114"]
[EventDate "2019.01.12"]
[WhiteTeam "West is Best 2"]
[BlackTeam "Wessex A"]

1. e4 c5 2. Nf3 e6 3. d4 cxd4 4. Nxd4 Nc6 5. c4 Nf6 6. Nc3 d6 7. Be2 Be7 8. Be3
a6 9. O-O O-O 10. Qd2 Qc7 11. Rac1 Nxd4 12. Bxd4 b6 13. Qe3 Nd7 14. Qg3 Bf6 15.
Be3 Bb7 16. f3 Rfd8 17. Rfd1 Be5 18. Qh4 Rac8 19. Bd3 Qb8 20. Kh1 Bc6 21. Rd2
b5 22. cxb5 axb5 23. f4 Bf6 24. Qh3 Nf8 25. Ne2 Qa8 26. Ng3 Qxa2 27. Rf1 Qb3
28. Nh5 Be7 29. Bb6 Re8 30. e5 Ng6 31. f5 exf5 32. Qxf5 dxe5 33. Rdf2 Bd5 34.
Bb1 Be6 35. Qe4 Rc4 36. Qb7 Rh4 37. Bc2 Qd5 38. Qxd5 Bxd5 39. Ng3 Be6 40. Be3
Rb4 41. Bc1 Rc8 42. Nf5 Rbc4 43. Ne3 R4c6 44. Bxg6 hxg6 45. Bd2 Rd8 46. Bc3 Bc5
47. Re2 f6 48. Ra1 b4 49. Be1 Rcd6 50. Ra5 Bxe3 51. Rxe3 Rd1 52. h3 R8d2 53.
Ra8+ Kh7 54. Re4 g5 55. Kh2 Rxb2 56. Rxb4 Re2 57. Bc3 Bd5 0-1

[Event "4NCL Division 2b"]
[Site "Daventry, ENG"]
[Date "2019.01.12"]
[Round "3.87"]
[White "Varney, Daniel"]
[Black "Spencer, Douglas"]
[Result "1/2-1/2"]
[WhiteElo "2072"]
[BlackElo "1988"]
[PlyCount "120"]
[EventDate "2019.01.12"]
[WhiteTeam "Wessex A"]
[BlackTeam "West is Best 2"]

1. e4 e5 2. d4 exd4 3. c3 d5 4. Qxd4 Be6 5. Nf3 h6 6. Bf4 Nf6 7. exd5 Nxd5 8.
Be5 Nd7 9. Bd3 Nxe5 10. Nxe5 c6 11. O-O Qb6 12. Qxb6 axb6 13. Re1 Be7 14. Nd2
O-O 15. Ndf3 Bf6 16. Nd4 Rfe8 17. a3 Nf4 18. Bc2 Bd5 19. Nd7 Bxd4 20. cxd4 Nxg2
21. Rxe8+ Rxe8 22. Nxb6 Nf4 23. Nxd5 cxd5 24. Kf1 Rc8 25. Bf5 Rc4 26. b4 g6 27.
Bd7 Rxd4 28. Rc1 Rd2 29. a4 Kg7 30. a5 Nd3 31. Rc7 Rxf2+ 32. Kg1 Rb2 33. Rxb7
Nc5 34. Rc7 Nxd7 35. Rxd7 Rxb4 36. Rxd5 Rb2 37. a6 Ra2 38. Rd6 h5 39. h3 Kf8
40. Rb6 Kg7 41. Kh1 Kh6 42. Rf6 Kg7 43. Rb6 f5 44. Rb7+ Kh6 45. a7 Kg5 46. Rg7
h4 47. Kg1 Kf4 48. Rb7 g5 49. Rb4+ Ke5 50. Rb5+ Kf6 51. Rb6+ Kg7 52. Rb5 Kg6
53. Rb6+ Kh5 54. Rb5 f4 55. Rb7 Kg6 56. Rb6+ Kf5 57. Rb5+ Kg6 58. Rb6+ Kh5 59.
Rb7 f3 60. Rf7 Kg6 1/2-1/2

[Event "4NCL Division 2b"]
[Site "Daventry, ENG"]
[Date "2019.01.12"]
[Round "3.88"]
[White "Hafstad, Leif"]
[Black "Jaufarally, Nadia"]
[Result "1/2-1/2"]
[WhiteElo "1878"]
[BlackElo "1960"]
[PlyCount "91"]
[EventDate "2019.01.12"]
[WhiteTeam "West is Best 2"]
[BlackTeam "Wessex A"]

1. e4 c5 2. Nf3 g6 3. d4 cxd4 4. Qxd4 Nf6 5. Nc3 Nc6 6. Qa4 d6 7. e5 dxe5 8.
Nxe5 Qd4 9. Nxc6 Qxa4 10. Nxa4 bxc6 11. Be3 Bg7 12. Be2 Nd5 13. Bf3 O-O 14. Bc5
Ba6 15. O-O-O Bb5 16. Bxd5 cxd5 17. Nc3 Bxc3 18. bxc3 Rac8 19. Bxe7 Rxc3 20.
Kb2 Rfc8 21. Rd2 R3c7 22. Bf6 Rc6 23. Bd4 Rb8 24. Ka1 Bc4 25. c3 Ra6 26. Re1
Ra5 27. Re7 Rab5 28. Re1 a5 29. Be5 Re8 30. f3 a4 31. Bg3 Rc8 32. Bd6 Rd8 33.
Bb4 Kg7 34. a3 Rb7 35. Kb2 Rbd7 36. Kc1 f6 37. Rd4 Kf7 38. Kd2 Bb3 39. Re3 Bc4
40. Ke1 Rb7 41. Kf2 Rbd7 42. Rh4 Kg7 43. Rd4 g5 44. Rd1 Kg6 45. Re6 Rc8 46. Rd4
1/2-1/2

[Event "4NCL Division 2b"]
[Site "Daventry, ENG"]
[Date "2019.01.13"]
[Round "4.51"]
[White "Navarro Cia, Miguel"]
[Black "Graham, David B"]
[Result "1-0"]
[WhiteElo "2243"]
[BlackElo "2191"]
[PlyCount "106"]
[EventDate "2019.01.13"]
[WhiteTeam "Barbican 4NCL 2"]
[BlackTeam "Sussex Martlets 1"]

1. e4 c5 2. Nf3 d6 3. d4 cxd4 4. Nxd4 Nf6 5. Nc3 g6 6. Be3 Bg7 7. f3 O-O 8. Qd2
Nc6 9. O-O-O d5 10. h4 dxe4 11. h5 e5 12. Nxc6 Qxd2+ 13. Rxd2 bxc6 14. h6 Bh8
15. Bc5 Re8 16. Nxe4 Nxe4 17. fxe4 Bf6 18. Be3 Be6 19. b3 a5 20. a4 Be7 21. Kb2
Bb4 22. Rd1 f6 23. Be2 Rab8 24. Rhf1 Be7 25. Bd2 c5 26. Bb5 Red8 27. Bxa5 Rd4
28. Rxd4 exd4 29. Bd2 c4 30. Bf4 Rb7 31. Rd1 Bc5 32. Ka2 g5 33. Bc1 cxb3+ 34.
cxb3 Rb8 35. Ba3 Ba7 36. Kb2 Kf7 37. Rc1 Kg6 38. Bc5 Bxc5 39. Rxc5 Rd8 40. Bd3
Kxh6 41. Rc6 Bf7 42. Rxf6+ Kg7 43. Rf5 g4 44. Rg5+ Kf6 45. Rxg4 Rc8 46. Rf4+
Ke7 47. Bc2 Rg8 48. Rf2 Rg3 49. Rd2 Kf6 50. a5 Ke5 51. a6 Rg6 52. Rf2 Bxb3 53.
Rf5+ Kd6 1-0

[Event "4NCL Division 2b"]
[Site "Daventry, ENG"]
[Date "2019.01.13"]
[Round "4.52"]
[White "Willson, Ollie"]
[Black "Chapman, Terry P D"]
[Result "0-1"]
[WhiteElo "2155"]
[BlackElo "2214"]
[PlyCount "72"]
[EventDate "2019.01.13"]
[WhiteTeam "Sussex Martlets 1"]
[BlackTeam "Barbican 4NCL 2"]

1. c4 d6 2. Nc3 e5 3. g3 g6 4. Bg2 Bg7 5. d3 Nf6 6. e4 O-O 7. Nge2 Nc6 8. O-O
Nd7 9. Be3 Nc5 10. Rb1 a5 11. a3 Bd7 12. b4 axb4 13. axb4 Ne6 14. c5 dxc5 15.
bxc5 Ncd4 16. f4 Bc6 17. fxe5 Bxe5 18. Nd5 Ra2 19. Nxd4 Nxd4 20. Qg4 h5 21. Qg5
Qxg5 22. Bxg5 Rc2 23. Kh1 Ra8 24. Rfc1 Rxg2 25. Kxg2 Ra2+ 26. Kf1 Bd7 27. Be3
Nf3 28. Ne7+ Kh7 29. Nf5 Nxh2+ 30. Ke1 Nf3+ 31. Kf1 Nh2+ 32. Ke1 Nf3+ 33. Kf1
gxf5 34. c6 bxc6 35. Bf2 Nd2+ 36. Kg2 Nxb1 0-1

[Event "4NCL Division 2b"]
[Site "Daventry, ENG"]
[Date "2019.01.13"]
[Round "4.53"]
[White "French, Max"]
[Black "Grant, David J"]
[Result "1/2-1/2"]
[WhiteElo "2172"]
[BlackElo "2222"]
[PlyCount "77"]
[EventDate "2019.01.13"]
[WhiteTeam "Barbican 4NCL 2"]
[BlackTeam "Sussex Martlets 1"]

1. d4 Nf6 2. c4 g6 3. Nc3 Bg7 4. e4 d6 5. Be2 O-O 6. Be3 e5 7. d5 Na6 8. g4 Nc5
9. f3 a5 10. h4 h5 11. g5 Nh7 12. Qd2 f5 13. O-O-O f4 14. Bf2 Rf7 15. Bf1 Nf8
16. Bh3 Bxh3 17. Nxh3 Nfd7 18. b3 Bf8 19. Qb2 c6 20. Rd2 Qb6 21. Kc2 Qa6 22.
Rc1 Kh7 23. Ng1 Rb8 24. Nge2 Qb6 25. Bg1 Be7 26. Kd1 Qb4 27. Rb1 a4 28. Nc1
axb3 29. axb3 Ra8 30. N1a2 Qa3 31. Qc2 Rff8 32. Ke1 Qa6 33. Nb4 Qb6 34. Nba2
Qa6 35. Bf2 Rfb8 36. Nb4 Qb6 37. Nba2 Qa6 38. Nb4 Qb6 39. Nba2 1/2-1/2

[Event "4NCL Division 2b"]
[Site "Daventry, ENG"]
[Date "2019.01.13"]
[Round "4.54"]
[White "Payne, Matthew J"]
[Black "Moss, Guy"]
[Result "1/2-1/2"]
[WhiteElo "2207"]
[BlackElo "2188"]
[PlyCount "115"]
[EventDate "2019.01.13"]
[WhiteTeam "Sussex Martlets 1"]
[BlackTeam "Barbican 4NCL 2"]

1. e4 c5 2. Nf3 d6 3. Bb5+ Bd7 4. Bxd7+ Qxd7 5. O-O Nc6 6. Qe2 Nf6 7. Rd1 e6 8.
d4 cxd4 9. Nxd4 Be7 10. c4 O-O 11. Nc3 a6 12. b3 Qc7 13. Bb2 Nd7 14. Rac1 Rad8
15. Qg4 Nxd4 16. Rxd4 Bf6 17. Rd2 Ne5 18. Qg3 Ng6 19. f4 Qc5+ 20. Kh1 Qh5 21.
Rcd1 Nxf4 22. Qxf4 Be5 23. g4 Bxf4 24. gxh5 Bxd2 25. Rxd2 f5 26. exf5 Rxf5 27.
Ne4 d5 28. h6 d4 29. Bxd4 e5 30. Bc3 Rxd2 31. Bxd2 Rf1+ 32. Kg2 Ra1 33. Nc3
gxh6 34. Bxh6 Kf7 35. Be3 Ke6 36. b4 Kf5 37. c5 Ke6 38. h4 h5 39. Kf3 Rf1+ 40.
Ke2 Rh1 41. Bg5 Rg1 42. Ne4 Rg2+ 43. Kd3 Rxa2 44. Nf6 a5 45. bxa5 Rxa5 46. Kc4
Ra4+ 47. Kb5 Ra1 48. Nxh5 Kd5 49. Bd2 Rb1+ 50. Bb4 Rh1 51. Nf6+ Ke6 52. Ne4
Rxh4 53. Nd6 e4 54. Nxb7 e3 55. c6 Rxb4+ 56. Kxb4 e2 57. Nc5+ Kd5 58. Nd3
1/2-1/2

[Event "4NCL Division 2b"]
[Site "Daventry, ENG"]
[Date "2019.01.13"]
[Round "4.56"]
[White "Miller, Dominic"]
[Black "Makepeace, Philip J"]
[Result "1/2-1/2"]
[WhiteElo "2125"]
[BlackElo "2063"]
[PlyCount "79"]
[EventDate "2019.01.13"]
[WhiteTeam "Sussex Martlets 1"]
[BlackTeam "Barbican 4NCL 2"]

1. e4 c6 2. d4 d5 3. Nd2 dxe4 4. Nxe4 Nd7 5. Ng5 Ngf6 6. Bd3 e6 7. N1f3 Bd6 8.
Qe2 h6 9. Ne4 Nxe4 10. Qxe4 Nf6 11. Qe2 Qc7 12. Ne5 c5 13. c3 cxd4 14. cxd4
Qa5+ 15. Bd2 Bb4 16. O-O Bxd2 17. Nc4 Qd5 18. Qxd2 O-O 19. Rfe1 Rd8 20. Rad1 b5
21. Ne3 Qd7 22. Qa5 Rb8 23. d5 Nxd5 24. Nxd5 exd5 25. Bf5 Qd6 26. Bxc8 Rdxc8
27. Qxa7 Re8 28. Qd4 Rxe1+ 29. Rxe1 b4 30. g3 Rd8 31. Rd1 Re8 32. Rd2 Qa6 33.
Kg2 Re1 34. Qd3 Qxa2 35. Qxd5 Qa1 36. Qc4 Rg1+ 37. Kf3 Qa5 38. Rd5 Qa4 39. Qe4
Rd1 40. Rxd1 1/2-1/2

[Event "4NCL Division 2b"]
[Site "Daventry, ENG"]
[Date "2019.01.13"]
[Round "4.57"]
[White "Harari, Zaki"]
[Black "Lunn, Matthew"]
[Result "1/2-1/2"]
[WhiteElo "2033"]
[BlackElo "2072"]
[PlyCount "40"]
[EventDate "2019.01.13"]
[WhiteTeam "Barbican 4NCL 2"]
[BlackTeam "Sussex Martlets 1"]

1. e4 c5 2. Nf3 Nc6 3. Bb5 g6 4. O-O Bg7 5. c3 Nf6 6. Qa4 O-O 7. d4 cxd4 8.
cxd4 d5 9. e5 Ne4 10. Bxc6 bxc6 11. Qxc6 Bg4 12. Nbd2 Rc8 13. Qa6 Nxd2 14. Bxd2
Rc2 15. Bc3 Bxf3 16. gxf3 e6 17. Qd3 Qg5+ 18. Kh1 Qh5 19. Qxc2 Qxf3+ 20. Kg1
Qg4+ 1/2-1/2

[Event "4NCL Division 2b"]
[Site "Daventry, ENG"]
[Date "2019.01.13"]
[Round "4.58"]
[White "Graham, Cassie M"]
[Black "Regan, Natasha K"]
[Result "1-0"]
[WhiteElo "2035"]
[BlackElo "1964"]
[PlyCount "91"]
[EventDate "2019.01.13"]
[WhiteTeam "Sussex Martlets 1"]
[BlackTeam "Barbican 4NCL 2"]

1. e4 e5 2. Nf3 Nc6 3. Bc4 Nf6 4. d3 Be7 5. O-O d6 6. c3 O-O 7. Re1 Kh8 8. Nbd2
Nh5 9. Nf1 Nf4 10. Ne3 Na5 11. Bb5 c6 12. Ba4 b5 13. Bc2 g6 14. b4 Nb7 15. Bb2
f5 16. c4 fxe4 17. dxe4 bxc4 18. Nxc4 Bg4 19. Ncxe5 dxe5 20. Bxe5+ Kg8 21. Bb3+
Ne6 22. Qc2 Bf6 23. Qxc6 Qb6 24. Qxb6 axb6 25. Bxf6 Rxf6 26. Ne5 Bh5 27. g4 Kg7
28. gxh5 gxh5 29. Bxe6 Rxe6 30. Nc4 b5 31. Ne3 Rea6 32. Re2 Nd8 33. f3 Ne6 34.
Nf5+ Kf6 35. Rd2 Ra4 36. Ne3 Ke5 37. Rd5+ Kf4 38. Re1 Kxf3 39. Rxb5 Nd4 40.
Rxh5 Rxa2 41. Rh3+ Kf4 42. Nd5+ Kg4 43. Rg3+ Kh4 44. Nc3 Rb2 45. e5 Rxb4 46.
Nd5 1-0

[Event "4NCL Division 2b"]
[Site "Daventry, ENG"]
[Date "2019.01.13"]
[Round "4.61"]
[White "Wall, Gavin"]
[Black "Povah, Nigel E"]
[Result "1/2-1/2"]
[WhiteElo "2330"]
[BlackElo "2329"]
[PlyCount "60"]
[EventDate "2019.01.13"]
[WhiteTeam "Gonzaga"]
[BlackTeam "Guildford 3"]

1. d4 d5 2. Bf4 Nf6 3. e3 c5 4. c3 Nc6 5. Bd3 Qb6 6. b3 cxd4 7. exd4 Bg4 8. Nf3
e6 9. O-O Be7 10. Nbd2 Bh5 11. Re1 Bg6 12. Bxg6 hxg6 13. h3 Rc8 14. Re3 Nh5 15.
Bh2 g5 16. c4 Nf4 17. c5 Qd8 18. b4 Bf6 19. Nf1 Nxb4 20. Rb1 Nc6 21. Rxb7 O-O
22. h4 g4 23. Ne5 Bxe5 24. dxe5 d4 25. Re4 Ng6 26. Qxg4 Nxh4 27. Ng3 Ng6 28.
Nh5 Rc7 29. Rxc7 Qxc7 30. Bg3 Rd8 1/2-1/2

[Event "4NCL Division 2b"]
[Site "Daventry, ENG"]
[Date "2019.01.13"]
[Round "4.62"]
[White "Grieve, Harry"]
[Black "Thorarinsson, Pall A"]
[Result "1/2-1/2"]
[WhiteElo "2240"]
[BlackElo "2261"]
[PlyCount "27"]
[EventDate "2019.01.13"]
[WhiteTeam "Guildford 3"]
[BlackTeam "Gonzaga"]

1. e4 g6 2. d4 Bg7 3. Nf3 d6 4. Bc4 c6 5. Bb3 Nf6 6. Qe2 O-O 7. e5 dxe5 8. dxe5
Nd5 9. O-O Bg4 10. Nbd2 Nd7 11. h3 Bxf3 12. Nxf3 Nc5 13. Bxd5 Qxd5 14. Rd1
1/2-1/2

[Event "4NCL Division 2b"]
[Site "Daventry, ENG"]
[Date "2019.01.13"]
[Round "4.63"]
[White "Freeman, Gordon"]
[Black "Kalaiyalahan, Akshaya"]
[Result "1/2-1/2"]
[WhiteElo "2121"]
[BlackElo "2216"]
[PlyCount "54"]
[EventDate "2019.01.13"]
[WhiteTeam "Gonzaga"]
[BlackTeam "Guildford 3"]

1. d4 Nf6 2. Nf3 g6 3. Bg5 Bg7 4. Nbd2 O-O 5. c3 d6 6. e4 Qe8 7. Bc4 e5 8. dxe5
dxe5 9. O-O Nbd7 10. Re1 h6 11. Bh4 Nb6 12. Bf1 Bd7 13. Qc2 Bc6 14. Nc4 Nxc4
15. Bxc4 Nd7 16. Nd2 Nb6 17. Bf1 Qe6 18. f3 Kh7 19. Bf2 Rfd8 20. Red1 Bf6 21.
a4 a5 22. b3 Be7 23. Nc4 Nxc4 24. Bxc4 Qf6 25. Rxd8 Rxd8 26. Rd1 Rxd1+ 27. Qxd1
Kg7 1/2-1/2

[Event "4NCL Division 2b"]
[Site "Daventry, ENG"]
[Date "2019.01.13"]
[Round "4.64"]
[White "Stoyanov, Viktor"]
[Black "Jackson, Carl"]
[Result "1-0"]
[WhiteElo "2195"]
[BlackElo "2156"]
[PlyCount "51"]
[EventDate "2019.01.13"]
[WhiteTeam "Guildford 3"]
[BlackTeam "Gonzaga"]

1. d4 d5 2. c4 Nc6 3. Nf3 Bg4 4. cxd5 Bxf3 5. gxf3 Qxd5 6. e3 e5 7. Nc3 Bb4 8.
Bd2 Bxc3 9. bxc3 Qd6 10. Rb1 O-O-O 11. Qb3 b6 12. Bb5 f5 13. Rd1 f4 14. Qa4
Nge7 15. dxe5 Nxe5 16. Qxa7 N7c6 17. Qa6+ Kb8 18. Be2 Rhe8 19. e4 g5 20. h3 Qh6
21. Kf1 Qh5 22. Qb5 Re6 23. Bc1 Rxd1+ 24. Bxd1 Nxf3 25. Bxf4 Rxe4 26. Qxb6+ 1-0

[Event "4NCL Division 2b"]
[Site "Daventry, ENG"]
[Date "2019.01.13"]
[Round "4.65"]
[White "Murray, David"]
[Black "Osborne, Marcus E"]
[Result "0-1"]
[WhiteElo "2178"]
[BlackElo "2117"]
[PlyCount "76"]
[EventDate "2019.01.13"]
[WhiteTeam "Gonzaga"]
[BlackTeam "Guildford 3"]

1. e4 c5 2. Nf3 d6 3. Bb5+ Bd7 4. Bxd7+ Nxd7 5. d4 cxd4 6. Qxd4 Ngf6 7. O-O g6
8. e5 dxe5 9. Qa4 Bg7 10. Nxe5 O-O 11. Nd3 Nb6 12. Qh4 Rc8 13. Nc3 Nc4 14. Ne4
Nxe4 15. Qxe4 Nd6 16. Qe2 Qc7 17. c3 Qc4 18. Re1 Rfd8 19. Nb4 Qxe2 20. Rxe2 Nc4
21. Bg5 a5 22. Nc2 Nxb2 23. Bxe7 Re8 24. Nd4 Na4 25. Nb5 Nxc3 26. Nxc3 Bxc3 27.
Rc1 b5 28. Kf1 b4 29. Rd1 a4 30. Rb1 Rb8 31. Bd6 Rxe2 32. Kxe2 Rb6 33. Bf4 b3
34. axb3 a3 35. Rc1 a2 36. Rxc3 a1=Q 37. Be5 Qa2+ 38. Kd1 f6 0-1

[Event "4NCL Division 2b"]
[Site "Daventry, ENG"]
[Date "2019.01.13"]
[Round "4.66"]
[White "Granat, Russell G"]
[Black "Li, Henry"]
[Result "1/2-1/2"]
[WhiteElo "2196"]
[BlackElo "2193"]
[PlyCount "61"]
[EventDate "2019.01.13"]
[WhiteTeam "Guildford 3"]
[BlackTeam "Gonzaga"]

1. e4 e5 2. Nf3 Nc6 3. Bb5 a6 4. Ba4 Nf6 5. O-O Be7 6. Qe2 b5 7. Bb3 O-O 8. c3
d5 9. d3 Be6 10. Rd1 Re8 11. Nbd2 h6 12. Nf1 Bd6 13. Ng3 Ne7 14. d4 Bg4 15.
dxe5 Bxe5 16. exd5 Nexd5 17. Bxd5 Nxd5 18. Qe4 Bxf3 19. Qxf3 c6 20. Be3 Re6 21.
a4 Qh4 22. axb5 Nxe3 23. Qxe3 cxb5 24. Rf1 Rc8 25. Qf3 Qc4 26. Nf5 Rf6 27. Qh3
Rc5 28. Ne3 Qe6 29. Qxe6 Rxe6 30. Rfd1 Rcc6 31. Nd5 1/2-1/2

[Event "4NCL Division 2b"]
[Site "Daventry, ENG"]
[Date "2019.01.13"]
[Round "4.67"]
[White "Delaney, Killian"]
[Black "Punnett, Alan K"]
[Result "1/2-1/2"]
[WhiteElo "2201"]
[BlackElo "1995"]
[PlyCount "73"]
[EventDate "2019.01.13"]
[WhiteTeam "Gonzaga"]
[BlackTeam "Guildford 3"]

1. e4 e6 2. d4 d5 3. Nd2 Be7 4. e5 Nh6 5. c3 c5 6. Bd3 Nc6 7. Ne2 Qb6 8. Nf3
Bd7 9. O-O cxd4 10. Nexd4 Ng4 11. Qe2 h5 12. h3 Nh6 13. Re1 a6 14. Nxc6 bxc6
15. Be3 c5 16. b4 Bb5 17. bxc5 Bxc5 18. Bxb5+ axb5 19. Reb1 Bxe3 20. Qxe3 Qxe3
21. fxe3 Nf5 22. Kf2 O-O 23. Rxb5 Rfc8 24. Rb3 Rc4 25. Nd4 Ne7 26. Ke2 Ng6 27.
Nf3 Raa4 28. Kd3 f6 29. Rb8+ Kh7 30. exf6 gxf6 31. Nd2 Ne5+ 32. Kc2 Rc6 33. Kb3
Ra7 34. a4 Rac7 35. Rc1 Nd3 36. Rc2 Ne1 37. Rc1 1/2-1/2

[Event "4NCL Division 2b"]
[Site "Daventry, ENG"]
[Date "2019.01.13"]
[Round "4.68"]
[White "Shepley, Julien M"]
[Black "Moran, Stephen"]
[Result "1/2-1/2"]
[WhiteElo "1932"]
[BlackElo "2163"]
[PlyCount "45"]
[EventDate "2019.01.13"]
[WhiteTeam "Guildford 3"]
[BlackTeam "Gonzaga"]

1. e4 e6 2. d4 d5 3. Nd2 Nf6 4. e5 Nfd7 5. Bd3 c5 6. c3 Nc6 7. Ne2 cxd4 8. cxd4
f6 9. exf6 Nxf6 10. Nf3 Bd6 11. O-O O-O 12. Bg5 Bd7 13. Rc1 a6 14. Ng3 Qb6 15.
Bxf6 gxf6 16. Re1 Rae8 17. Bxh7+ Kxh7 18. Ng5+ fxg5 19. Qh5+ Kg7 20. Qxg5+ Kh7
21. Qh5+ Kg7 22. Qg5+ Kh7 23. Qh5+ 1/2-1/2

[Event "4NCL Division 2b"]
[Site "Daventry, ENG"]
[Date "2019.01.13"]
[Round "4.71"]
[White "Bremner, Adam"]
[Black "Isaakidis, Alexandros"]
[Result "0-1"]
[WhiteElo "2201"]
[BlackElo "2178"]
[PlyCount "110"]
[EventDate "2019.01.13"]
[WhiteTeam "Grantham Sharks 2"]
[BlackTeam "Wessex A"]

1. Nf3 c5 2. e4 g6 3. d4 cxd4 4. Qxd4 Nf6 5. Nc3 Nc6 6. Qa4 d6 7. e5 Ng4 8. Bb5
Bg7 9. exd6 Qxd6 10. O-O O-O 11. Bf4 Qc5 12. a3 Nge5 13. Nxe5 Bxe5 14. Bxe5
Nxe5 15. Rad1 Be6 16. Qd4 Qxd4 17. Rxd4 a6 18. Be2 Rac8 19. f4 Nc6 20. Rd2 b5
21. h3 Na5 22. Rfd1 Rc7 23. Rd8 Nb7 24. Rxf8+ Kxf8 25. Rd4 Bf5 26. Bd1 Nd6 27.
g4 Be6 28. Be2 Bc4 29. Bd1 Be6 30. Be2 Bc4 31. Bd1 Ke8 32. Kf2 f6 33. Ne4 Nxe4+
34. Rxe4 Rd7 35. Ke1 g5 36. f5 Bd5 37. Re3 Rd6 38. Bf3 Bxf3 39. Rxf3 Rd4 40.
Ke2 h5 41. gxh5 Rh4 42. Kd3 Kd7 43. b3 Kd6 44. Re3 Rxh5 45. Ke2 Rh4 46. Re6+
Kd5 47. Rxa6 Rxh3 48. Ra5 Ke4 49. Rxb5 Rh2+ 50. Kf1 Kf3 51. Kg1 Rxc2 52. Rd5
Rc1+ 53. Kh2 Rc2+ 54. Kh1 Rc3 55. Rd7 g4 0-1

[Event "4NCL Division 2b"]
[Site "Daventry, ENG"]
[Date "2019.01.13"]
[Round "4.72"]
[White "Pye, David E"]
[Black "Makkar, Rajat"]
[Result "0-1"]
[WhiteElo "2140"]
[BlackElo "2169"]
[PlyCount "68"]
[EventDate "2019.01.13"]
[WhiteTeam "Wessex A"]
[BlackTeam "Grantham Sharks 2"]

1. d4 Nf6 2. Bg5 d5 3. Nc3 e6 4. e4 dxe4 5. Nxe4 Be7 6. Bxf6 Bxf6 7. Nf3 O-O 8.
c3 b6 9. Bd3 Bb7 10. h4 Nd7 11. Qc2 Qe7 12. O-O-O a5 13. Kb1 Ba6 14. Bxa6 Rxa6
15. Rhe1 c6 16. Ng3 g6 17. Qe4 b5 18. Qg4 Bg7 19. h5 Nf6 20. Qh3 Rb8 21. hxg6
hxg6 22. Ng5 Nd5 23. N3e4 b4 24. Qh7+ Kf8 25. Nc5 Nxc3+ 26. Ka1 Qxg5 27. Nd7+
Ke7 28. Nxb8 Nxd1 29. Rxd1 Rb6 30. Qh2 e5 31. dxe5 Rxb8 32. e6 Qe5 33. Rd7+
Kxe6 34. Qh3+ f5 0-1

[Event "4NCL Division 2b"]
[Site "Daventry, ENG"]
[Date "2019.01.13"]
[Round "4.74"]
[White "McDougall, William"]
[Black "Birtwistle, Nigel"]
[Result "0-1"]
[WhiteElo "2080"]
[BlackElo "2137"]
[PlyCount "126"]
[EventDate "2019.01.13"]
[WhiteTeam "Wessex A"]
[BlackTeam "Grantham Sharks 2"]

1. d4 Nf6 2. c4 c5 3. d5 b5 4. cxb5 a6 5. Nc3 axb5 6. e4 b4 7. Nb5 d6 8. a4 g6
9. Bd3 Bg7 10. Nf3 O-O 11. O-O Bg4 12. Re1 Nfd7 13. Be2 Bxf3 14. Bxf3 Nb6 15.
Ra2 c4 16. b3 c3 17. Be3 N8d7 18. Bd4 Bh6 19. Be3 Bg7 20. Nd4 Nb8 21. Be2 N6d7
22. Bb5 Nc5 23. Qc2 Qb6 24. Raa1 Rc8 25. Rab1 Rc7 26. f4 Nbd7 27. Nc6 Nf6 28.
Nxb4 Ng4 29. Qe2 Nxe3 30. Qxe3 Nxa4 31. Qxb6 Nxb6 32. Bc6 Ra5 33. e5 Rca7 34.
Rbc1 Rc5 35. Re3 g5 36. g3 Ra3 37. Rcxc3 Rxc3 38. Rxc3 gxf4 39. gxf4 dxe5 40.
fxe5 Bxe5 41. Nc2 Ra2 42. Re3 Bd6 43. Re2 Rb2 44. Nd4 Bc5 45. Rxb2 Bxd4+ 46.
Rf2 Kg7 47. Kg2 Bxf2 48. Kxf2 Kf6 49. Kg3 Ke5 50. Be8 f5 51. Bf7 Nxd5 52. Bxd5
Kxd5 53. Kf4 e6 54. b4 Kc4 55. h4 Kxb4 56. h5 h6 57. Ke5 Kc5 58. Kxe6 f4 59.
Kf6 f3 60. Kg6 f2 61. Kxh6 f1=Q 62. Kh7 Qf7+ 63. Kh6 Kd6 0-1

[Event "4NCL Division 2b"]
[Site "Daventry, ENG"]
[Date "2019.01.13"]
[Round "4.75"]
[White "Kafka, Graeme"]
[Black "Pleasants, Allan J"]
[Result "1/2-1/2"]
[WhiteElo "2125"]
[BlackElo "2080"]
[PlyCount "81"]
[EventDate "2019.01.13"]
[WhiteTeam "Grantham Sharks 2"]
[BlackTeam "Wessex A"]

1. e4 g6 2. d4 Bg7 3. Nc3 c6 4. Nf3 d6 5. h3 Nf6 6. Bd3 O-O 7. O-O Nbd7 8. Be3
e5 9. dxe5 dxe5 10. Nh2 Nh5 11. g3 Qc7 12. Kg2 Re8 13. Be2 Nhf6 14. a4 b6 15.
Qd2 Bb7 16. Ng4 Nf8 17. Bg5 Nxg4 18. hxg4 Ne6 19. Bh6 Rad8 20. Qe3 Nf4+ 21.
Bxf4 exf4 22. Qxf4 Qxf4 23. gxf4 Bxc3 24. bxc3 Rxe4 25. Bd3 Rxf4 26. Kg3 Rf6
27. f4 c5 28. f5 g5 29. a5 Re8 30. Rfe1 Rxe1 31. Rxe1 bxa5 32. Ra1 c4 33. Bxc4
Rc6 34. Bd3 Ba6 35. Rxa5 Bxd3 36. cxd3 Rxc3 37. Rxa7 Rxd3+ 38. Kg2 Kg7 39. Ra6
Rd4 40. Kg3 Rf4 41. Rb6 1/2-1/2

[Event "4NCL Division 2b"]
[Site "Daventry, ENG"]
[Date "2019.01.13"]
[Round "4.76"]
[White "Wilson, Jaimie"]
[Black "Munshi, Aditya"]
[Result "1/2-1/2"]
[WhiteElo "2076"]
[BlackElo "2095"]
[PlyCount "92"]
[EventDate "2019.01.13"]
[WhiteTeam "Wessex A"]
[BlackTeam "Grantham Sharks 2"]

1. Nf3 d5 2. c4 d4 3. b4 f6 4. Qb3 e5 5. Bb2 c5 6. bxc5 Bxc5 7. d3 Nc6 8. g3
Nge7 9. Bg2 Be6 10. O-O Rb8 11. Ba3 Bxa3 12. Qxa3 Qd7 13. Nbd2 Bh3 14. Ne4 O-O
15. Rab1 Bxg2 16. Kxg2 f5 17. Qd6 Qc8 18. Nc5 Rf6 19. Qd7 b6 20. Qxc8+ Rxc8 21.
Na6 e4 22. dxe4 fxe4 23. Ng5 Na5 24. Nxe4 Re6 25. Ng5 Rxe2 26. Rfe1 Rxe1 27.
Rxe1 Ng6 28. Re4 d3 29. Nb4 d2 30. Rd4 Nxc4 31. Nf3 Nge5 32. Nxe5 Nxe5 33. Rxd2
Rc4 34. Nd5 Ra4 35. Re2 Nc6 36. Re6 Nb4 37. Re4 a5 38. Nxb4 axb4 39. Re6 Rxa2
40. Rxb6 Rb2 41. Rb7 b3 42. h4 h5 43. Kf3 g6 44. Ke3 Kf8 45. f3 Rb1 46. Kf4 b2
1/2-1/2

[Event "4NCL Division 2b"]
[Site "Daventry, ENG"]
[Date "2019.01.13"]
[Round "4.77"]
[White "Milson, Samuel A"]
[Black "Varney, Daniel"]
[Result "1-0"]
[WhiteElo "2117"]
[BlackElo "2072"]
[PlyCount "39"]
[EventDate "2019.01.13"]
[WhiteTeam "Grantham Sharks 2"]
[BlackTeam "Wessex A"]

1. e4 g6 2. d4 Bg7 3. f4 Nf6 4. Nc3 d6 5. Nf3 c5 6. Bb5+ Bd7 7. e5 Ng4 8. Bxd7+
Qxd7 9. h3 cxd4 10. Qxd4 Nc6 11. Qe4 Nh6 12. g4 O-O-O 13. Bd2 dxe5 14. fxe5 f5
15. exf6 exf6 16. O-O-O Rhe8 17. Qa4 Nd4 18. Qxa7 g5 19. Nxd4 Qxd4 20. Qa8+ 1-0